| 000 | 03177 a2200493 4500 | ||
|---|---|---|---|
| 001 | 22913781 | ||
| 003 | 0000 | ||
| 005 | 20251017103218.0 | ||
| 008 | 221229t20242024flua b 001 0 eng | ||
| 010 | _a 2022061375 | ||
| 020 | _a9781032524559 | ||
| 035 | _a22913781 | ||
| 040 |
_aDLC _beng _erda _cDLC _dDLC |
||
| 042 | _apcc | ||
| 050 | 0 | 0 | _aTK 7895 .A65 .A49 |
| 100 | _aShastri, Apoorva S. (editor) | ||
| 245 | 0 | 0 |
_aAI-based metaheuristics for information security and digital media / _cedited by Dr. Apoorva S. Shastri, Dr. Mangal Singh, Dr. Anand J. Kulkarni, Dr. Patrick Siarry. |
| 264 | 1 |
_aBoca Raton ; _aLondon : _bCRC Press, Taylor & Francis Group, _c2024 |
|
| 264 | 4 |
_c2024 _aBoca Raton ; _bCRC Press, Taylor & Francis Group, |
|
| 300 |
_axiv, 136 pages : _billustrations ; _c25 cm. |
||
| 336 |
_atext _btxt _2rdacontent |
||
| 337 |
_aunmediated _bn _2rdamedia |
||
| 338 |
_avolume _bnc _2rdacarrier |
||
| 490 | 0 | _aAdvances in metaheuristics | |
| 504 | _aIncludes bibliographical references and index. | ||
| 505 | 2 | _aUse of artificial intelligence and blockchain technologies in detecting and curbing fake news in journalism / Suchitra Patnaik and Santosh Kumar Biswal -- Blockchain technology based fake news detection : Applications and future research directions / Susheel Yadav, Om Jee Gupta, Sushil Kumar Gupta and Harish Babu -- Deep learning based intelligent systems for audio abuse prediction : a survey / Kaustubh V. Sakhare and Radhika V. Kulkarni. | |
| 520 |
_a"This book examines the latest developments in AI-based metaheuristics algorithms with applications in information security for digital media. It highlights the importance of several security parameters, their analysis, and validations for different practical applications. Drawing on multidisciplinary research including computer vision, machine learning, artificial intelligence, modified/newly developed metaheuristics algorithms, it will enhance information security for society. It includes state-of-the-art research with illustrations and exercises throughout"-- _cProvided by publisher. |
||
| 650 | 0 |
_a _x _x |
|
| 650 | 0 |
_a _x _x Metaheuristic programming. |
|
| 650 | 0 |
_aDigital media _xSecurity measures _xData processing. |
|
| 650 | 0 | _aMetaheuristics. | |
| 650 | 0 | _aDeep learning. | |
| 650 | 0 | _aArtificial intelligence. | |
| 650 | 0 | _aSocial media and journalism. | |
| 650 | 0 |
_aJournalism _xObjectivity. |
|
| 700 | 1 |
_aShastri, Apoorva S., _eeditor. |
|
| 700 | 1 |
_aSingh, Mangal, _eeditor. |
|
| 700 | 1 |
_aKulkarni, Anand Jayant, _eeditor. |
|
| 700 | 1 |
_aSiarry, Patrick, _eeditor. |
|
| 776 | 0 | 8 |
_iOnline version: _tAI metaheuristics for information security in digital media. _bFirst edition _dBoca Raton, FL : Chapman & Hall/CRC Press, 2023 _z9781003107767 _w(DLC) 2022061376 |
| 906 |
_a7 _bcbc _corignew _d1 _eecip _f20 _gy-gencatlg |
||
| 942 |
_2lcc _cBK |
||
| 999 |
_c43879 _d43879 |
||